000 00443nam a2200157Ia 4500
005 20250528040158.0
008 240331s9999 xx 000 0 und d
020 _a9789551266592
082 _bAUS
_a303
100 _aAustin,A
245 0 _aVargika deshapalanamaya arbuuda viyavarthanaya
260 _aColombo
_bVijitha yapa Publications
_c2007
300 _a605 p.,
500 _athe transformation of the ethnic political crisis
942 _cL
999 _c5214
_d5214